Οι ονειροπόλήσεις του μοναχικού οδοιπόρου

Saved in:
Bibliographic Details
Main Author: Rousseau, Jean-Jacques, 1712-1778
Other Authors: Σημηριώτης, Νίκος (Translator)
Format: Book
Language:Greek
French
Published: Αθήνα : Ζαχαρόπουλος, c1984.
Series:Κλασική λογοτεχνία (Ζαχαρόπουλος) ; 79
Subjects:
Tags: Add Tag
No Tags, Be the first to tag this record!

MARC

LEADER 00000cam a2200000 i 4500
001 1/34155
008 941103s1984 gr | ||| |||| ||gre||
035 |a 1989  |c ΔΩΡΕΑ  |l 10039564 
040 |a GR-MY-UA  |b gre  |e aacr 
041 1 |a gre  |h fre 
082 0 |a 848.509 
100 1 |a Rousseau, Jean-Jacques,   |d 1712-1778. 
245 1 3 |a Οι ονειροπόλήσεις του μοναχικού οδοιπόρου /   |c Ζάν - Ζάκ Ρουσσώ ; μεταφραστής Νίκος Σημηριώτης.  
260 |a Αθήνα :   |b Ζαχαρόπουλος,   |c c1984.  
300 |a 164 σ. ;   |c 18 εκ.  
490 1 |a (Κλασική λογοτεχνία   |v ; 79)  
500 |a Τίτλος πρωτοτύπου: Les reveries du promeneur solitaire 
600 1 0 |a Rousseau, Jean-Jacques,   |d 1712-1778. 
650 0 0 |a French literature. 
700 1 |a Σημηριώτης, Νίκος,  |e trl 
830 0 |a Κλασική λογοτεχνία (Ζαχαρόπουλος)  |v  ; 79 
852 |a INST  |b SAMOS  |e 19941103  |h 848.509 ROU  |p 005300000560  |q 005300000560  |t BK  |y 0 
852 |a INST  |b SAMOS  |e 19941103  |h 848.509 ROU  |p 005300000561  |q 005300000561  |t BK  |y 0 
909 |a Σ  |b 000066 
909 |a Σ  |b 000202